| 000 | 00760nam a2200253 a 4500 | ||
|---|---|---|---|
| 001 | 53522 | ||
| 003 | BD-RjUL | ||
| 005 | 20211209075957.0 | ||
| 008 | 161016s1964 ja eng u | ||
| 035 | _a(OCoLC)1549548 | ||
| 035 | _a(OCoLC)ocm01549548 | ||
| 035 | _a(BD-RjUL)53643 | ||
| 035 | _a(NNC)2519820 | ||
| 040 |
_dUPvMLC _dUPvMLC _aBD-RjUL _beng _cBD-RjUL |
||
| 041 | _aeng | ||
| 082 |
_223 _a338.952 _bPOS 1964 |
||
| 090 |
_aHC462.9 _b.J275 |
||
| 245 | 1 | 0 |
_aPostwar growth of the Japanese economy / _b the Japan Development Bank / |
| 260 |
_aTokyo, _c1964. |
||
| 300 |
_a143 p. : _bill. ; _c29 cm. |
||
| 650 |
_aEconomic Development & Growth _xJapan _y1945- 1964. _9159984 |
||
| 700 |
_a The Japan Development Bank _9159985 |
||
| 942 |
_2ddc _cBK |
||
| 999 |
_c53522 _d53522 |
||